El cristianismo y el problema del comunismo /

En El cristianismo y el problema del comunismo y El cristianismo y la lucha de clases, el filósofo ruso Nicolás Berdiaeff reflexiona sobre el papel y el destino de la persona en las sociedades colectivistas, apegándose al principio de libertad y su condición creadora, para revelar las fallas del cap...

詳細記述

保存先:
書誌詳細
第一著者: Berdiaeff, Nicolás (autor)
フォーマット: 図書
言語:スペイン語
版:9a edición
シリーズ:(Austral ; 26)
主題:
タグ: タグ追加
タグなし, このレコードへの初めてのタグを付けませんか!

MARC

LEADER 00000nam^a2200000^a^4500
001 000031958
005 20250521000000.0
009 20260310085100.793
037 |a Acervo ITESO - Biblioteca 
041 |a ESP 
082 |a 808.  |b AUS V. 26 
100 |a Berdiaeff, Nicolás  |e (autor) 
240 1 4 |a [El cristianismo y el problema del comunismo] 
245 1 3 |a El cristianismo y el problema del comunismo /  |c N. Berdiaeff ; tr. por María de Cardona. 
250 |a 9a edición 
264 |a Madrid, España :  |b Espasa-Calpe,  |c 1968 
300 |a 144 p. 
336 |a texto  |b txt  |2 rdacontenido 
337 |a sin mediación  |b n  |2 rdamedio 
338 |a volumen  |b nc  |2 rdasoporte 
440 1 |a (Austral ;  |v 26) 
520 |a En El cristianismo y el problema del comunismo y El cristianismo y la lucha de clases, el filósofo ruso Nicolás Berdiaeff reflexiona sobre el papel y el destino de la persona en las sociedades colectivistas, apegándose al principio de libertad y su condición creadora, para revelar las fallas del capitalismo, el comunismo y el socialismo, y las similitudes entre el marxismo y la manifestación del reino de Dios en el mundo; pues según el pensador, la fe cristiana sólo tiene auténtico valor en las sociedades en crisis que buscan vivir como si fuera el juicio final. 
649 |a XX 
650 |a Iglesia y Estado 
650 |a Existencialismo Cristiano 
650 |a Clases Sociales 
650 |a Capitalismo -  |x Historia y Crítica 
650 |a Comunismo -  |x Historia y Crítica 
650 |a Socialismo -  |x Historia y Crítica 
650 |a Marxismo -  |x Historia y Crítica 
650 |a Cristianismo y Política 
650 |a Cristianismo y Sociedad 
650 |a Cristianismo 
650 |a Política y Religión 
650 |a Religión 
910 |a Fondo General 
920 |a Impresos - Libros 
930 |a Colección General 
940 |a Literatura 
905 |a 101 
901 |a 0319580100  |b IT1  |c LIT  |i 031958  |u 20250521 
902 |a https://opac.biblio.iteso.mx/vufind/Record/000031958